<?xml version="1.0" encoding="UTF-8"?>
<record
    xmlns:xsi="http://www.w3.org/2001/XMLSchema-instance"
    xsi:schemaLocation="http://www.loc.gov/MARC21/slim http://www.loc.gov/standards/marcxml/schema/MARC21slim.xsd"
    xmlns="http://www.loc.gov/MARC21/slim">

  <leader>01386nam2a22002531  4500</leader>
  <controlfield tag="001">rc\62238</controlfield>
  <controlfield tag="005">20250620193555.0</controlfield>
  <datafield tag="010" ind1=" " ind2=" ">
    <subfield code="a">5-8491-0038-5</subfield>
    <subfield code="b">&#x41C;&#x430;&#x43B;&#x43E;&#x435; &#x43F;&#x440;&#x435;&#x434;&#x43F;&#x440;&#x438;&#x44F;&#x442;&#x438;&#x435; "&#x421;&#x432;&#x435;&#x442;-1"</subfield>
    <subfield code="9">50000</subfield>
  </datafield>
  <datafield tag="035" ind1=" " ind2=" ">
    <subfield code="a">(NLR Aleph) 005388677</subfield>
  </datafield>
  <datafield tag="090" ind1=" " ind2=" ">
    <subfield code="a">7167676</subfield>
    <subfield code="c">7167676</subfield>
  </datafield>
  <datafield tag="100" ind1=" " ind2=" ">
    <subfield code="a">20021216d1994    |||y0rusy50      ca</subfield>
  </datafield>
  <datafield tag="101" ind1="0" ind2=" ">
    <subfield code="a">rus</subfield>
  </datafield>
  <datafield tag="102" ind1=" " ind2=" ">
    <subfield code="a">RU</subfield>
  </datafield>
  <datafield tag="105" ind1=" " ind2=" ">
    <subfield code="a">a   |||||||||</subfield>
  </datafield>
  <datafield tag="200" ind1="1" ind2=" ">
    <subfield code="a">&#x418;&#x441;&#x430;&#x430;&#x43A; &#x41B;&#x430;&#x43A;&#x435;&#x434;&#x435;&#x43C;</subfield>
    <subfield code="e">&#x420;&#x43E;&#x43C;&#x430;&#x43D;</subfield>
    <subfield code="f">&#x41F;&#x435;&#x440;. &#x413;. &#x417;&#x438;&#x43D;&#x433;&#x435;&#x440;&#x430;</subfield>
  </datafield>
  <datafield tag="210" ind1=" " ind2=" ">
    <subfield code="d">1994</subfield>
    <subfield code="a">&#x411;. &#x43C;.</subfield>
  </datafield>
  <datafield tag="215" ind1=" " ind2=" ">
    <subfield code="a">524, [2] &#x441;.</subfield>
    <subfield code="c">&#x438;&#x43B;.</subfield>
  </datafield>
  <datafield tag="461" ind1=" " ind2="0">
    <subfield code="1">001rc\62237</subfield>
    <subfield code="1">2001#$a&#x88;[&#x89;&#x421;&#x43E;&#x431;&#x440;&#x430;&#x43D;&#x438;&#x435; &#x441;&#x43E;&#x447;&#x438;&#x43D;&#x435;&#x43D;&#x438;&#x439;$e&#x412; 80 &#x442;.$e&#x41F;&#x435;&#x440;. &#x441; &#x444;&#x440;.]$f&#x410;&#x43B;&#x435;&#x43A;&#x441;&#x430;&#x43D;&#x434;&#x440; &#x414;&#x44E;&#x43C;&#x430;$g[&#x421;&#x43E;&#x441;&#x442;. &#x410;.&#x412;. &#x41C;&#x443;&#x440;&#x430;&#x432;&#x44C;&#x435;&#x432;, &#x413;.&#x42E;. &#x41B;&#x438;&#x445;&#x430;&#x447;&#x435;&#x432;&#x430;$g&#x412;&#x441;&#x442;&#x443;&#x43F;. &#x441;&#x442;. &#x413;.&#x420;. &#x417;&#x438;&#x43D;&#x433;&#x435;&#x440;&#x430;, &#x441;. 7-35$g&#x41A;&#x43E;&#x43C;&#x43C;&#x435;&#x43D;&#x442;. &#x41D;.&#x410;. &#x427;&#x430;&#x43F;&#x43B;&#x44B;&#x433;&#x438;&#x43D;&#x43E;&#x439;]$v[&#x422;. 1]</subfield>
    <subfield code="1">700#1$a&#x414;&#x44E;&#x43C;&#x430;$b&#x410;.$g&#x410;&#x43B;&#x435;&#x43A;&#x441;&#x430;&#x43D;&#x434;&#x440;$c&#x43E;&#x442;&#x435;&#x446;$f1803-1870</subfield>
    <subfield code="9">7167667</subfield>
    <subfield code="a">&#x414;&#x44E;&#x43C;&#x430;, &#x410;. (&#x43E;&#x442;&#x435;&#x446; ; 1803-1870)</subfield>
    <subfield code="c">&#x41C;.</subfield>
    <subfield code="d">1994-</subfield>
    <subfield code="f">&#x410;&#x43B;&#x435;&#x43A;&#x441;&#x430;&#x43D;&#x434;&#x440; &#x414;&#x44E;&#x43C;&#x430;</subfield>
    <subfield code="n">&#x41F;&#x41A;&#x424; "&#x421;&#x432;&#x435;&#x442;&#x43E;&#x447;"</subfield>
    <subfield code="o">&#x412; 80 &#x442;. : &#x41F;&#x435;&#x440;. &#x441; &#x444;&#x440;.]</subfield>
    <subfield code="t">&#x88;[&#x89;&#x421;&#x43E;&#x431;&#x440;&#x430;&#x43D;&#x438;&#x435; &#x441;&#x43E;&#x447;&#x438;&#x43D;&#x435;&#x43D;&#x438;&#x439;</subfield>
    <subfield code="y">5849100040</subfield>
    <subfield code="v">[&#x422;. 1]</subfield>
  </datafield>
  <datafield tag="604" ind1=" " ind2=" ">
    <subfield code="1">700#1$a&#x414;&#x44E;&#x43C;&#x430;$b&#x410;.$g&#x410;&#x43B;&#x435;&#x43A;&#x441;&#x430;&#x43D;&#x434;&#x440;$c&#x43E;&#x442;&#x435;&#x446;</subfield>
    <subfield code="1">50010$a&#x418;&#x441;&#x430;&#x430;&#x43A; &#x41B;&#x430;&#x43A;&#x435;&#x434;&#x435;&#x43C;$2psbo</subfield>
    <subfield code="a">&#x414;&#x44E;&#x43C;&#x430;, &#x410;&#x43B;&#x435;&#x43A;&#x441;&#x430;&#x43D;&#x434;&#x440; (&#x43E;&#x442;&#x435;&#x446;)</subfield>
    <subfield code="t">&#x418;&#x441;&#x430;&#x430;&#x43A; &#x41B;&#x430;&#x43A;&#x435;&#x434;&#x435;&#x43C;</subfield>
  </datafield>
  <datafield tag="801" ind1=" " ind2="0">
    <subfield code="a">RU</subfield>
    <subfield code="b">NLR</subfield>
    <subfield code="g">psbo</subfield>
  </datafield>
  <datafield tag="801" ind1=" " ind2="1">
    <subfield code="a">RU</subfield>
    <subfield code="b">ELAR</subfield>
    <subfield code="2">rusmarc</subfield>
  </datafield>
  <datafield tag="852" ind1=" " ind2=" ">
    <subfield code="a">NLR</subfield>
    <subfield code="j">94-5/1476</subfield>
  </datafield>
  <datafield tag="942" ind1=" " ind2=" ">
    <subfield code="c">BOOK</subfield>
  </datafield>
  <datafield tag="980" ind1=" " ind2=" ">
    <subfield code="a">NB</subfield>
  </datafield>
  <datafield tag="995" ind1=" " ind2=" ">
    <subfield code="5">2013-10-26</subfield>
    <subfield code="b">NLR01</subfield>
    <subfield code="c">NLR01</subfield>
    <subfield code="e">RF8</subfield>
    <subfield code="f">5388677-10</subfield>
    <subfield code="k">94-5/1476</subfield>
    <subfield code="o">0</subfield>
    <subfield code="r">BOOK</subfield>
    <subfield code="s">9451476_</subfield>
  </datafield>
</record>
